LEADER 01217nam0 22002533i 450 001 PIS0012345 005 20251003044309.0 100 $a20210312d2001 ||||0itac50 ba 101 | $aita 102 $ait 181 1$6z01$ai $bxxxe 182 1$6z01$an 183 1$6z01$anc$2RDAcarrier 200 1 $aˆLa ‰Sardegna nel mondo Mediterraneo$eQuinto Convegno Internazionale di Studi Turismo e Ambiente, Sassari, 28-30 Ottobre 1998$eEstratto 210 $aBologna$cPatron Editore$d2001 215 $a252-289 p.$cill.$d21 cm. 801 3$aIT$bIT-000000$c20210312 850 $aIT-BN0095 901 $bNAP 01$cPOZZO LIB.$nVi sono collocati fondi di economia, periodici di ingegneria e scienze, periodici di economia e statistica e altri fondi comprendenti documenti di economia pervenuti in dono. 912 $aPIS0012345 950 0$aBiblioteca Centralizzata di Ateneo$c1 v.$d 01POZZO LIB.ECON MON 3100$e 0101 0000215565E VMA 13 1 v.$fB $h20210312$i20210312$c1 v.$d 01POZZO LIB.ECON MON 3100$e 0101 0000215575E VMA 12 1 v.$fB $h20210312$i20210312 977 $a 01 996 $aSardegna nel mondo mediterraneo$9615668 997 $aUNISANNIO